[Event "Nordic-ch VISA"]
[Site "Reykjavik"]
[Date "1997.10.21"]
[Round "12"]
[White "Hjartarson, Johann"]
[Black "Westerinen, Heikki MJ"]
[Result "1-0"]
[WhiteElo "2605"]
[BlackElo "2410"]
[Annotator "Finkel,A"]
[PlyCount "81"]
[EventDate "1997.10.08"]
[EventType "tourn"]
[EventRounds "13"]
[EventCountry "ISL"]
[EventCategory "10"]
[SourceTitle "CBM 062"]
[Source "ChessBase"]
[SourceDate "1998.01.31"]
[SourceVersion "1"]
[SourceVersionDate "1998.01.31"]
[SourceQuality "1"]

1. e4 Nf6 2. e5 Nd5 3. d4 Nb6 4. a4 a5 (4... d5 5. a5 $5 N6d7 6. Nf3 e6 7. c4
$5 Be7 8. Nc3 c6 9. Bd3 Na6 10. cxd5 exd5 11. O-O $14 {Neulinger,M-Petschar,K/
AUT-chT96/97 1997 (33)}) 5. Nf3 (5. Bd3 {/\} d5 6. Ne2) 5... d5 6. exd6 $5 (6.
Bd3 Bg4 7. h3 Bxf3 8. Qxf3 e6 9. Qg3 c5 10. dxc5 N6d7 11. Nc3 Nc6 (11... Nxc5
$5 12. Nb5 $6 Nxd3+ 13. cxd3 Bb4+ 14. Kf1 Kf8 15. h4 $5 Nc6 16. h5 h6 17. Rh4
$13 {Stefansson,H-Westerinen,H/VISA ch-Nordic, Reykjavic ISL 1997/0-1 (58)})
12. Bf4 (12. Nb5 $5 Ndxe5 13. Bf4 f6 14. O-O-O $36 Qd7 {/\ Bc5, 0-0} 15. Be3
Rc8 16. Be2 {/\ f4} Qf7 17. f4 Nd7 18. Rhe1 Be7 (18... f5 $5 {/\ Nf6-e4}) 19.
Bg1 (19. f5 e5 20. Qh4 {/\ Bh5} Kf8 $1 $13) 19... f5 20. Bf3 Kf8 $132 {
Benjamin,J-Alburt,L/New York (open) 1990 (35)} (20... O-O $5 21. Rxe6 Nb4 $132)
) 12... Nxc5 13. Bb5 g6 14. O-O-O Bg7 15. Be3 Nd7 16. f4 Rc8 $132 {Keskisarja,
T-Westerinen,H/ch-FIN Helsinki 1996 (29)}) 6... cxd6 (6... exd6 $5 7. Bd3 Be7
8. O-O O-O 9. c3 Be6 10. Re1 $14) 7. d5 $5 Na6 (7... e5 $6 8. dxe6 Bxe6 9. Bb5+
Nc6 10. Ng5 $5 Qf6 11. O-O d5 12. Be3 $1 Nd7 13. Nc3 $16 {Zhidkov,V-Mikadze,Z/
Moskva 1972 (23)}) 8. Be3 Bd7 $5 9. c3 Nc5 10. b3 e6 ({Serious attention
deserved} 10... g6 $5 11. Bd4 f6 12. Be2 Bg7 13. O-O O-O 14. c4 e6 15. dxe6
Nxe6 16. Bb2 $14 {with complicated position where white's chances are slightly
better.}) 11. dxe6 fxe6 12. Na3 $5 (12. Bxc5 $5 dxc5 13. Na3 Be7 14. Bd3 Bc6
15. Qe2 $36) 12... Be7 13. Nb5 $1 $14 d5 $5 (13... Bc6 $5 14. Ng5 $5 O-O (14...
Bd5 $2 15. c4 $1 Bxg5 16. Qh5+ g6 17. Qxg5 $18) 15. Bxc5 dxc5 16. Nxe6 Qxd1+
17. Rxd1 Rf6 18. Nec7 $14) 14. Bf4 Rc8 15. Nd6+ Bxd6 16. Bxd6 Ne4 17. Be5 O-O (
17... Nxc3 18. Qd4 O-O 19. Bxg7 Rf7 20. Be5 Ne4 21. Bd3 Bc6 22. O-O $16 {
[%cal Gd4h8]}) 18. Rc1 {The arising position is quiet strange,despite of huge
advantage in development black faces serious difficulties:his knight on b6 is
completly out of play and the bishop on d7 is also not a very good piece} Be8 {
Trying to bring the bishop into play.} 19. Qd4 $1 Bh5 $6 {There was no reason
to give up a pawn.Much better was} (19... Nc5 $1 20. Nd2 Qe7 21. Be2 Nbd7 22.
Bg3 e5 23. Qe3 Bg6 24. O-O $14 {with complicated position.}) 20. Bxg7 Rf7 21.
Bh6 $16 Nd7 22. Be2 Qf6 23. Qxf6 Rxf6 24. Be3 Ndc5 25. Bxc5 $1 {Giving up a
bishop is a best solution in this position.} Rxc5 $6 {Now the position of
black is starting to deteriorate.After correct} (25... Nxc5 $5 26. Nd2 Bxe2 27.
Kxe2 e5 28. Rhd1 e4 29. Rc2 $14 {black had serious counterchances.}) (25...
Bxf3 $6 26. gxf3 Nxc5 27. Rb1 Rg6 28. Kd2 $16) 26. c4 d4 $6 {The final
inaccuracy after which black's chances to save the game become slim.} (26... b6
$5) 27. Nxd4 Bxe2 28. Kxe2 Nxf2 29. Rhf1 Re5+ 30. Kd2 Ne4+ 31. Kc2 Rg6 32. g3
$18 Rh5 33. Nf3 Nd6 34. Rcd1 Nf5 $2 {Resigning,but nothing can change the
logical result.} 35. Rd8+ Kg7 36. Re1 Rf6 37. Rd7+ Kh6 38. g4 Rh3 39. g5+ Kg6
40. gxf6 Rxf3 41. f7 1-0

[Event "Subotica TS03 GM"]
[Site "Subotica"]
[Date "2003.03.26"]
[Round "5"]
[White "Pap, Misa"]
[Black "Dimitrijevic, Aleksandra"]
[Result "0-1"]
[WhiteElo "2407"]
[BlackElo "2369"]
[Annotator "Finkel,A"]
[PlyCount "126"]
[EventDate "2003.03.23"]
[EventType "tourn"]
[EventRounds "11"]
[EventCountry "YUG"]
[EventCategory "9"]
[SourceTitle "CBM 095"]
[Source "ChessBase"]
[SourceDate "2003.07.25"]
[SourceVersion "1"]
[SourceVersionDate "2003.07.25"]
[SourceQuality "1"]

1. e4 Nf6 2. e5 Nd5 3. d4 d6 4. Nf3 g6 5. Bc4 Nb6 6. Bb3 Bg7 7. Qe2 dxe5 8.
dxe5 O-O {May be more accurate is to play 8...Nc6 since after a move in the
game white gets clear edge by pushing e6.} (8... Nc6 9. a4 (9. O-O Bg4 $2 10.
Bxf7+ Kxf7 11. Ng5+ Ke8 12. Qxg4 Bxe5 13. Nd2 $16 {Krueger,H-Ribeiro,R/WCCF
corr 2000}) 9... a5 10. O-O Nd4 11. Nxd4 Qxd4 12. Re1 Be6 13. Nd2 O-O 14. Nf3
Qd7 15. Rd1 Qc8 $13 {Markowski,T-Oliwa,M/Czestochowa 1992}) 9. e6 $1 {Another
theoretical recommendation is 9.h3 which promises white minimal positional
advantage. However white is striving for more.} (9. h3 Nc6 10. O-O Nd4 (10...
Na5) 11. Nxd4 Qxd4 12. Re1 $14) 9... fxe6 10. Ng5 {White had another tempting
opportunity, but a move in the game seems better than 10.B:e6} (10. Bxe6+ $5
Bxe6 11. Qxe6+ Kh8 12. Ng5 Qd5 13. Qh3 h5 14. O-O $14 {[%cal Gg5e6]}) 10... Nc6
11. Bxe6+ (11. Nxe6 Bxe6 12. Qxe6+ Kh8 13. c3 Qd3 14. Qe2 Ne5 15. f4 Qxe2+ 16.
Kxe2 Nec4 $132) 11... Kh8 12. c3 {[%csl Gd4] It's very important to keep
square d4 under control, so this move is an essential part of white's plan.} (
12. Nf7+ $2 Rxf7 13. Bxf7 e6 $1 {[%csl Rf7]} 14. h4 Qe7 15. Bxg6 hxg6 16. h5 g5
17. h6 Bf6 18. Nc3 Nd4 $17) 12... Ne5 {[%cal Ge5d3]} 13. O-O Qd6 14. Rd1 Qc6
15. Bf4 $6 {Going in the wrong direction. There was no need to complicate the
matters with 15.Bf4 since after simple 15.B:c8 white keeps steady plus.} (15.
Bxc8 $5 Raxc8 16. f4 Nec4 17. Ne6 Rf5 18. Nxg7 Kxg7 19. b3 $14 {[%cal Gc1b2]
And white bishop over the diagonal a1-h8 worth at least a rook.}) 15... Nbc4 ({
Deserved attention} 15... Rxf4 $5 16. Rd8+ Rf8 17. Rxf8+ Bxf8 18. Qxe5+ Bg7 19.
Nf7+ Kg8 20. Nd6+ Kh8 $11 {forcing a draw, but black wants to fight for more.})
16. Bxc8 Raxc8 17. Bg3 (17. Bxe5 $5 Nxe5 18. Nd2) 17... Rf5 18. Nh3 $6 {
[%csl Rh3] The knight is out of play on h3.} (18. Ne4 $2 {[%csl Re4]} Nxb2 $17)
(18. Bxe5 Nxe5 19. Ne4 Nc4 20. Ng3 Re5 21. Qc2 $11) 18... Rcf8 19. Rd4 g5 $1
$15 {Emphasizing a poor position of the knight.} 20. Nd2 $6 (20. b3 Nb6 21. Re4
Nbd7 $15 {[%csl Rc3][%cal Gg7a1]}) 20... Nxb2 21. Ne4 g4 22. Nf4 Nbc4 (22...
Rxf4 $2 23. Bxf4 Rxf4 24. Qxb2 Rxe4 25. Rd8+ $16) 23. Nd3 {More chances for
counterplay would leave Nd5} (23. Nd5 $1 R8f7 (23... Qe6 24. Rad1 c6 25. Bxe5
Bxe5 26. Qxc4 cxd5 27. Rxd5 $13) 24. Rad1 b5 25. Ne3 Nxe3 26. Qxe3 $15) 23...
Qg6 24. Nd2 Nxd3 25. Rxd3 (25. Rxc4 $2 Nxf2 26. Rf1 b5 $1 27. Rb4 (27. Rxc7
$140 Qb6 $19 {[%cal Gb6g1]}) 27... Nd3 $1 $19) 25... Nd6 $5 (25... Nxd2 $17)
26. Re3 (26. Qxe7 R5f7 27. Qe2 Nf5 $1 28. Be5 Bxe5 29. Qxe5+ Ng7 $15 {[%csl
Rd3,Rf2]}) 26... R5f7 27. Rxe7 Rxe7 $6 {For some reason black decides to give
back the pawn.} (27... Bxc3 28. Rxf7 Rxf7 29. Rc1 Bg7 $17) 28. Qxe7 Nf5 29.
Qxc7 Nxg3 30. Qxg3 Qc2 31. Nb3 Bxc3 32. Rc1 $132 Re8 $1 33. Rf1 (33. h3 $2
Qxc1+ 34. Nxc1 Re1+ 35. Kh2 Be5 $19) (33. f4 $2 Bd4+ 34. Kh1 Bf2 $19) (33. f3
$1 Qxa2 (33... Bd4+ 34. Kh1 Bf2 35. Qf4 $132) 34. Rxc3 Qb1+ 35. Nc1 Qb4 36. Ne2
$1 Rxe2 37. Rc8+ Kg7 38. h3 Qe1+ 39. Qxe1 Rxe1+ 40. Kf2 Re7 41. hxg4 $15) 33...
Bg7 34. Qxg4 Qxa2 35. Nc5 $2 (35. Qd7 $1 $13) 35... Qd5 $17 {[%csl Rc5]} 36.
Nd7 (36. Qa4 $8 b5 37. Qa3 a5 38. Nd3 b4 39. Qa4 Re4 $17) 36... Re4 37. Qg3 (
37. Qf3 Rd4 $19) (37. f4 $8) 37... Qxd7 $19 38. Qb8+ Re8 39. Qxa7 Qd5 40. Qa4
b5 41. Qg4 Bc3 42. h4 b4 43. Qg3 Qe5 44. Qd3 b3 45. g3 b2 46. h5 Qd4 (46... Be1
$5) 47. Qb5 Rg8 48. Kh2 Qe5 49. Qc4 Qxh5+ 50. Kg2 Qe5 51. Rh1 Qd4 52. Qb3 Qe4+
53. Kh2 Qf3 54. Rf1 Qf6 55. Kg2 Bd2 56. Qd3 Bc1 57. Rh1 Qc6+ 58. f3 Qb7 59.
Qd4+ Qg7 60. Rxh7+ Kxh7 61. Qh4+ Bh6 62. Qe4+ Qg6 63. Qb7+ Bg7 0-1

[Event "Kiev Spring"]
[Site "Kiev"]
[Date "2000.03.31"]
[Round "10"]
[White "Iordachescu, Viorel"]
[Black "Kosikov, Alexey I"]
[Result "1/2-1/2"]
[WhiteElo "2560"]
[BlackElo "2460"]
[Annotator "Finkel,A"]
[PlyCount "63"]
[EventDate "2000.03.22"]
[EventType "tourn"]
[EventRounds "11"]
[EventCountry "UKR"]
[EventCategory "11"]
[SourceTitle "CBM 077"]
[Source "ChessBase"]
[SourceDate "2000.07.27"]
[SourceVersion "1"]
[SourceVersionDate "2000.07.27"]
[SourceQuality "1"]

1. e4 Nf6 2. e5 Nd5 3. d4 d6 4. Nf3 Nc6 $5 5. c4 Nb6 6. e6 fxe6 7. d5 $5 {
Very interesting complications arise after this move,but it seems that black's
defensive resourses are sufficient to hold the position.} (7. h4 $5 e5 8. d5
Nd4 9. Nxd4 exd4 10. Qxd4 Qd7 $5 {[%cal Gd7g4]} 11. Be2 e5 12. dxe6 Qxe6 13.
Rh3 c5 $13 {Marinkovic,I-Bagirov,V/Leningrad 1989}) (7. Nc3 e5 8. d5 Nd4 9.
Nxd4 exd4 10. Qxd4 e5 11. dxe6 Bxe6 12. Be2 Qf6 13. Qxf6 gxf6 14. Nb5 (14. b3
d5 15. cxd5 Bb4 16. Bd2 Nxd5 17. Nxd5 Bxd2+ $11 {1-0 Kudrin,S-Segal,V/Reno op
1994 (23)}) 14... O-O-O 15. c5 dxc5 16. Nxa7+ Kb8 17. Nb5 Re8 18. O-O Nd5 $132
{Narciso Dublan,M-Torrecillas Martinez,A/Barcelona op 1996}) (7. Bd3 e5 8. d5
Nb4 9. Be4 Bg4 10. h3 Bh5 11. g4 Bf7 12. Ng5 Bg8 13. Bf5 $44 {Anka,E-Haakert,J/
BL2-W 1993}) 7... exd5 8. cxd5 Nb4 (8... Nb8 $5) 9. Nc3 e6 $1 10. dxe6 Bxe6 11.
Bb5+ $5 {The only chanse to keep the game alive.} c6 12. O-O $8 Be7 {Too
dangerous is} (12... cxb5 13. Re1 Kd7 14. Nd4 Bc4 (14... Bf7 $2 15. Qg4+ Kc7
16. Ndxb5+ Kb8 17. Qxb4 $16) 15. b3 (15. Qg4+ $2 Kc7 16. Ndxb5+ Kb8 17. b3 Bxb5
18. Nxb5 Nc6 $19) 15... Nd3 16. Re3 Nxc1 17. Rxc1 Bg8 18. Ncxb5 $40 {[%csl Rd7]
[%cal Gd1g4]}) 13. Re1 Bf7 (13... Qd7 14. Nd4 $5 Bg4 15. Qb3 cxb5 (15... N4d5
16. Nxd5 Nxd5 17. Qxd5 cxd5 18. Bg5 $1 $18) 16. Qxb4 O-O 17. Ndxb5 $14) 14. Bg5
(14. Qd4 {[%cal Gd4b4,Gd4g7]} O-O (14... Nc2 15. Qxg7 Nxe1 16. Bxc6+ bxc6 17.
Qxh8+ Kd7 18. Qxd8+ Rxd8 19. Nxe1 $14) 15. Qxb4 cxb5 16. Qxb5 $13) 14... N4d5
15. Nxd5 Nxd5 16. Bc4 O-O $1 17. Bxe7 $6 {It was better to opt for} (17. Bxd5
Bxg5 18. Bxf7+ Rxf7 19. Nxg5 Qxg5 20. Qxd6 $11 {with equal position,because
now black siezes the initiative.}) 17... Nxe7 18. Bxf7+ Rxf7 19. Ng5 (19. Qb3
$2 Nd5 $17) 19... Rf5 20. Qg4 Qb6 $1 $36 {[%csl Rf2]} 21. h3 (21. Rxe7 $4 Qxf2+
22. Kh1 Qf1+ 23. Rxf1 Rxf1#) 21... Qxf2+ 22. Kh1 h6 23. Ne4 Qf4 (23... Qxb2 24.
Rab1 $5 {[%csl Re7,Rf5][%cal Gb1b7]} (24. Nxd6 Rg5 25. Qe6+ Kh7 26. Qe4+ Ng6
$17) 24... Qd4 $5 (24... Qa3 25. Rxb7 Re5 (25... d5 $2 26. Nf6+ $1 (26. Rxe7 $2
Qxe7 27. Qxf5 dxe4 28. Rxe4 Qd6 $15) 26... Rxf6 27. Rexe7 Rf1+ 28. Kh2 Qd6+ 29.
g3 g5 30. Qd4 $1 $18 {[%csl Rg8]}) 26. Nf6+ Kh8 27. Rxe5 dxe5 28. Nh5 Rg8 29.
Qe6 $44)) 24. Qxf4 Rxf4 25. Nxd6 Nf5 $6 {The only chanse to fight for the
advantage was} (25... Nd5 $5 26. Nxb7 Rb4 $1 (26... Rb8 27. Nc5 Rc4 (27... Rxb2
28. Nd3 {[%cal Gd3f4,Gd3b2]}) 28. Nd3 $11) 27. Na5 Rxb2 28. Nxc6 Nf4 29. Re7 a6
$15) 26. Nxb7 Rb8 (26... Rb4 27. Na5 Rxb2 28. Nxc6 Rc8 29. Rac1 Rxa2 30. Re5 g6
31. Rxf5 Rxc6 32. Rxc6 gxf5 33. Rxh6 $11) 27. Nc5 Rb5 28. Re5 (28. Rac1 $5 $11)
28... Rf2 29. b4 $5 Rf4 30. Rae1 Nd4 31. Re7 Rf7 32. a3 1/2-1/2

[Event "Sufe Cup"]
[Site "Shanghai"]
[Date "2000.03.06"]
[Round "4"]
[White "Nay, Oo Kyaw Tun"]
[Black "Yin, Hao"]
[Result "0-1"]
[WhiteElo "2595"]
[BlackElo "2496"]
[Annotator "Finkel,A"]
[PlyCount "66"]
[EventDate "2000.03.03"]
[EventType "tourn"]
[EventRounds "13"]
[EventCountry "CHN"]
[EventCategory "13"]
[SourceTitle "CBM 076"]
[Source "ChessBase"]
[SourceDate "2000.05.31"]
[SourceVersion "1"]
[SourceVersionDate "2000.05.31"]
[SourceQuality "1"]

1. e4 Nf6 2. e5 Nd5 3. d4 d6 4. Nf3 g6 5. Be2 Bg7 6. c4 Nb6 7. exd6 cxd6 8. O-O
O-O 9. Nc3 Nc6 10. h3 Bf5 11. Be3 $6 {Strangely enough this continuation
occures quiet oftenly in the tournament practice,but black with ease gets
comfortable position and the best thing white can hope for is eqauity!} d5 12.
c5 Nc4 13. Bc1 b6 14. cxb6 (14. g4 $5 Bc8 15. cxb6 Nxb6 16. Bf4 e6 17. Rc1 Bb7
18. Nb5 Qd7 19. Nd6 Nc4 $132 {Apicella,M-Santo Roman,M/FRA-ch plof 1994}) (14.
b3 N4a5 15. cxb6 axb6 16. Nb5 Qb8 17. Bg5 f6 18. Bh4 Bh6 19. Bg3 Bf4 20. Bxf4
Qxf4 $15 {Fernandez,A-Nogueiras,J/Carlos Torre mem op 1997}) 14... axb6 (14...
Nxb6 15. Bf4 Be4 16. Ne5 Nxe5 17. Bxe5 f6 18. Bh2 Bf5 19. Bf3 Be6 20. Re1 $14 {
Kundin,A-Krays,A/Rishon le Zion YM-IM 1995}) 15. b3 Nd6 16. Bb2 {Definitly not
the best place for a bishop,so deserved attention} (16. Bf4 $5 Ne4 $5 17. Nb5
Na7 {[%csl Rc3]} 18. Qe1 $13) 16... Ne4 17. Nb5 Na7 18. a4 (18. Qe1 $5 {
[%cal Ge1b4]}) 18... Nxb5 19. Bxb5 Rc8 20. Rc1 Qd6 21. Ba6 (21. Qe2 Bh6 (21...
Qb4 22. Qe3) 22. Ba6 $5 (22. Rxc8 Rxc8 23. Re1 Kf8 24. g4 Bd7 25. Bd3 $13)
22... Ra8 (22... Bxc1 23. Bxc8 Rxc8 24. Rxc1 Rxc1+ 25. Bxc1 Qb4 26. Qe3 $14)
23. Rce1 Qb4 24. Qb5 $13) 21... Ra8 22. Qe2 Bh6 23. Ra1 (23. Rce1 $5) 23... Qc7
24. Bd3 Rfc8 25. Ba6 $2 {This move causes white serious troubles,which he
doesn't manage to overcome.After simple} (25. Rfe1 {the position would remain
unclear}) 25... Qc2 $1 26. Ra2 $2 {As it oftenly heppens one mistake drags the
other.After correct} (26. Ba3 $5 Qxe2 27. Bxe2 Rc2 (27... Rc7) 28. Rfe1 Nc3 29.
Bf1 Be4 30. Bxe7 Bxf3 31. gxf3 Bg7 $15 {[%csl Rd4] black has only minimal
advantage.}) 26... Rxa6 $1 27. Qxa6 Qxb3 28. Rfa1 Nxf2 $1 $19 {[%csl Ra1,Ra2,
Ra6,Rg1] Now suddeny white is helpless against numerous threats.} 29. Qb5 (29.
Kxf2 Qe3+ 30. Kg3 (30. Kf1 Rc2 $19) 30... Bf4+ 31. Kh4 Qf2+ 32. g3 Qxg3#) (29.
Nh4 Nxh3+ $19) 29... Nxh3+ 30. Kh1 Qe3 31. Ra3 Nf2+ 32. Kg1 Nd3+ 33. Kh1 Bf4
0-1

[Event "EU-Cup 18th"]
[Site "Kallithea"]
[Date "2002.09.27"]
[Round "6.1"]
[White "Atakisi, Umut"]
[Black "Luther, Thomas"]
[Result "0-1"]
[WhiteElo "2361"]
[BlackElo "2551"]
[Annotator "Finkel,A"]
[PlyCount "110"]
[EventDate "2002.09.22"]
[EventType "team-swiss"]
[EventRounds "7"]
[EventCountry "GRE"]
[SourceTitle "CBM 092"]
[Source "ChessBase"]
[SourceDate "2003.02.06"]
[SourceVersion "1"]
[SourceVersionDate "2003.02.06"]
[SourceQuality "1"]
[WhiteTeam "Istanbul Teknik Uni"]
[BlackTeam "Graz Merkur"]
[WhiteTeamCountry "TUR"]
[BlackTeamCountry "AUT"]

1. e4 Nf6 2. e5 Nd5 3. d4 d6 4. Nf3 dxe5 5. Nxe5 c6 6. Bc4 Nd7 {Thomas Luther
is playing this variation on permanent basis and so far white didn't manage to
show a clear way to an opening advantage.} (6... Be6 7. Bb3 $6 (7. Nd2 Nd7 8.
Ndf3 Nxe5 9. Nxe5 g6 10. Bb3 Bg7 11. O-O O-O 12. Re1 Qa5 13. Bg5 $14 {
Dominguez,L-Loeffler,S/Lisbon 1999}) 7... Nd7 8. Nf3 Bg4 9. O-O e6 10. h3 Bh5
11. Re1 Bd6 $11 {Coimbra,M-Loeffler,S/Lisbon 1999}) 7. Nxd7 (7. Nf3 N7b6 (7...
N7f6 8. h3 Bf5 9. O-O h6 10. Bd3 Bxd3 11. Qxd3 e6 12. c4 Nb6 13. Bf4 Be7 14.
Nc3 $14 {Godena,M-Burkart,P/Eupen 1994}) 8. Bb3 Bg4 9. Nbd2 e6 10. O-O Be7 11.
h3 Bh5 12. c3 O-O 13. Ne4 Bg6 14. Qe2 $14 {Van der Weide,K-Miles,A/Saint
Vincent 2000}) 7... Bxd7 8. Qf3 $5 (8. O-O Bf5 9. Bg5 Qd6 10. Bb3 e6 11. Nd2
Be7 12. Nc4 Qc7 13. Bxe7 Nxe7 14. Qe2 O-O $11 {Werner,M-Burkart,P/Germany 1993/
GER-chT}) 8... e6 9. O-O Bd6 {Black's plan is just to complete development of
the pieces and push c5.} 10. Bxd5 (10. Nd2 $2 Qh4 {[%csl Rd4,Rh2]}) (10. c3 O-O
11. Nd2 Qc7 12. h3 Nf6 13. Bb3 c5 $11) 10... cxd5 (10... exd5 11. Re1+ Be6 12.
Bf4 Be7 13. Nd2 O-O 14. Re2 Qd7 15. h3 Rfe8 16. Rae1 Bf5 17. c3 $14) 11. Bf4
Be7 $5 12. Nd2 O-O 13. c4 $6 {Playing into black's hands. Black bishops become
very strong in open position, so white should refrain from playing c4.} (13.
Qg3 Rc8 14. c3 Re8 15. Nf3 Bb5 16. Rfd1 (16. Rfe1 Bd3) 16... Be2 17. Rd2 Bxf3
18. Qxf3 b5 $13 {[%cal Ga7a5,Gb5b4]}) 13... dxc4 14. Qxb7 Qc8 15. Qxc8 (15. Qf3
) 15... Raxc8 16. Ne4 Rfd8 $15 17. Be3 (17. Bd6 $6 Bxd6 18. Nxd6 Rc6 19. Ne4
Rb6 20. b3 Bc6 21. Nc5 Rxd4 22. Rfd1 Rxd1+ 23. Rxd1 Kf8 24. bxc4 Rb2 $17) 17...
Bc6 18. Nc5 (18. f3 $5 Rb8 19. Rf2 Rb4 20. Rc1 Rdb8 21. Rcc2 $15) 18... Bf6 19.
Rad1 e5 $1 {White has a weak pawn on b2 that's why black is trying to put an
additional pressure.} 20. dxe5 Bxe5 21. b4 cxb3 22. Nxb3 (22. axb3 f5 23. f3
Kf7 24. Rxd8 Rxd8 25. g3 g5 $15 {[%cal Gf5f4]}) 22... a6 23. Rc1 Bb5 24. Rxc8
Rxc8 25. Rc1 (25. Rd1 f6 26. f3 Kf7 27. Kf2 Rc2+ 28. Rd2 Rxd2+ 29. Bxd2 Ke6 $15
) 25... Rxc1+ 26. Bxc1 Kf8 27. f4 $6 Bc7 28. Kf2 Ke7 29. Nd4 Bc4 30. a3 g6 31.
g3 (31. g4 Kd6 32. g5 Kd5 33. Nf3 (33. Ke3 Bb6 34. Bb2 Bc5 $22) 33... Ke4 34.
Ne5 Be6 35. Kg3 a5 $17) 31... Kd6 32. f5 Kd5 33. fxg6 fxg6 34. Be3 Bd6 35. Nc2
Ke4 36. Nb4 a5 37. Nc6 Bd5 $1 38. Nxa5 Kd3 $19 {[%csl Ra5]} 39. Bb6 (39. a4 Bc7
) 39... Bxa3 40. g4 Bd6 41. h4 Ke4 42. Be3 Be7 43. h5 (43. g5 Kf5 44. Kg3 Bd6+
45. Kh3 Ke4 46. Bd2 Kf3 {[%cal Gd5e6]} 47. h5 Be6+ 48. Kh4 Bg3#) 43... g5 44.
h6 Bd8 45. Bd2 Kd3 46. Bb4 Bb6+ 47. Ke1 (47. Kg3 Ke2 48. Bc3 Bc7+ 49. Kh3 Kf1
$19) 47... Ke3 48. Kd1 Kf3 49. Kc2 Kxg4 50. Nb3 Bxb3+ 51. Kxb3 Kf3 52. Kc4 g4
53. Kd5 g3 54. Bd6 g2 55. Bh2 Kg4 0-1

[Event "RUS-Cup06"]
[Site "Nizhnij Novgorod"]
[Date "1998.07.06"]
[Round "8"]
[White "Aseev, Konstantin N"]
[Black "Kupreichik, Viktor D"]
[Result "1-0"]
[WhiteElo "2565"]
[BlackElo "2505"]
[Annotator "Finkel,A"]
[PlyCount "65"]
[EventDate "1998.06.29"]
[EventType "swiss"]
[EventRounds "9"]
[EventCountry "RUS"]
[SourceTitle "EXT 2000"]
[Source "ChessBase"]
[SourceDate "1999.11.16"]
[SourceVersion "1"]
[SourceVersionDate "1999.11.16"]
[SourceQuality "1"]

1. e4 Nf6 2. e5 Nd5 3. d4 d6 4. Nf3 dxe5 5. Nxe5 g6 6. g3 $5 Bg7 (6... Nd7 $5
7. Bg2 $5 Nxe5 8. dxe5 c6 9. O-O Bg7 10. Qe2 h5 (10... Be6 11. b3 Qc8 12. Bb2
Bh3 13. Nd2 Bxg2 14. Kxg2 $14 {Wolff,P-De Firmian,N/New York CITS 1996 (43)})
11. c4 Nb6 12. Na3 Bg4 13. f3 Be6 14. f4 Qc8 15. b3 h4 16. Nc2 hxg3 17. hxg3
$14 {Glek,I-Loeffler,S/BL9394 1994/1-0 (44)}) 7. Bg2 O-O 8. O-O c6 (8... c5 $5
9. Nf3 cxd4 10. Nxd4 Nb4 11. c3 N8c6 12. a3 $1 e5 $1 13. axb4 exd4 14. b5 $14 {
Emunds,H-Homann,S/NRW-I 1995/1-0 (48)}) 9. Qe2 (9. Re1 $5 Be6 (9... Nd7 10. Nf3
(10. Nxd7 Bxd7 11. Na3 Be6 12. c3 a5 13. Qe2 b5 14. Nc2 $14 {Zivkovic,
V-Podobnik,M/CRO-chT 1996/1/2-1/2 (59)}) 10... b5 11. Nc3 e6 12. Ne4 Qc7 13. c3
Bb7 14. Qb3 $14 {Lhagvasuren,C-Tu Hoang Thong/Asia-chT 1995/1/2-1/2 (60)}) (
9... Bf5 10. c3 Nd7 11. Nf3 Re8 12. Nbd2 N7f6 13. Nc4 Qc7 14. Nce5 Ng4 15. Nh4
$1 $14 {Anand,V-Adams,M/PCA-WchQual1 1994 (38)}) 10. c3 Nd7 11. Nd3 Bf5 12. Na3
Bxd3 13. Qxd3 e6 14. Nc2 Qb6 15. a4 $14 {Fercec,N-Visintin,R/Nova Gorica op
1997/1-0 (50)}) 9... Be6 (9... Nd7 10. Rd1 $5 Qc7 $6 11. Nxd7 Qxd7 12. c4 Nc7
13. Be3 Qg4 14. Bf3 Qf5 15. Nc3 $16 {Jaracz,P-Wichmann,D/Koop Tjuchem op 1996 
(29)}) 10. Nd2 Qc8 (10... Nb4 $6 11. Ndf3 Nxa2 12. Bd2 Qb6 13. Ng5 $1 (13. c3
Qxb2 14. Qe3 $16 {[%csl Ra2,Rb2]}) 13... Qxd4 14. Nxe6 fxe6 15. Nf3 $18) 11. c4
Nb6 $6 (11... Nf6 $5) 12. Re1 N8d7 13. Nef3 $1 {Black despirately needs space
for his pieces so white deviates from changing.} Nf6 14. Qf1 $5 {Taking under
control square h3.} Re8 15. b3 a5 16. a4 Nbd7 17. h3 $16 {[%cal Gc1b2,Ge1e3,
Ga1e1,Gf3e5] The opening is over and we can make some conclusions:black pieces
take awkward positions,he doesn't have a plan to improve the position,even
more he is actually running out of usefull moves,while white has managed to
put his pieces in a way that they perfectly coordinate their actions,he has a
lot of space fo manouvering.The conclusion is obvious:white's advantage is
very serious.} h6 18. Bb2 Nf8 19. Re3 Qc7 20. Rae1 Rad8 21. Qe2 Qc8 22. Kh2 Qc7
23. Bc3 Kh7 24. Ne5 N6d7 $6 25. d5 $1 {A perfect timing for decisive blow!}
cxd5 (25... Nxe5 $2 26. dxe6 $18 {[%csl Re5]}) 26. cxd5 Bf5 (26... Bxd5 27.
Bxd5 Nxe5 28. Bxe5 $18) 27. Nxf7 $1 $18 {Sacrificing a piece,but just for one
move!} Bxc3 28. Rc1 {[%cal Gc1c7]} Rb8 29. Rcxc3 Qb6 30. g4 (30. d6 $5 $18)
30... Qf6 31. gxf5 Qxf7 32. Be4 $5 gxf5 33. Qf3 1-0